Computer networks : a systems approach (Record no. 9446)
[ view plain ]
| 000 -LEADER | |
|---|---|
| fixed length control field | 00570 a2200193 4500 |
| 020 ## - INTERNATIONAL STANDARD BOOK NUMBER | |
| International Standard Book Number | 1-55860-833-8 |
| 040 ## - CATALOGING SOURCE | |
| Original cataloging agency | DLC |
| Language of cataloging | DLC |
| 082 ## - DEWEY DECIMAL CLASSIFICATION NUMBER | |
| Classification number | 004.6 |
| 100 1# - MAIN ENTRY--PERSONAL NAME | |
| Personal name | Peterson, Larry L. |
| 245 00 - TITLE STATEMENT | |
| Title | Computer networks : a systems approach |
| Statement of responsibility, etc. | Larry L. Peterson & Bruce S. Davie |
| 250 ## - EDITION STATEMENT | |
| Edition statement | 3rd ed. |
| 260 ## - PUBLICATION, DISTRIBUTION, ETC. | |
| Place of publication, distribution, etc. | New Delhi : |
| Name of publisher, distributor, etc. | Morgan Kaufmann, |
| Date of publication, distribution, etc. | c2003. |
| 300 ## - PHYSICAL DESCRIPTION | |
| Extent | 813 p. |
| 440 #4 - SERIES STATEMENT/ADDED ENTRY--TITLE | |
| Title | The Morgan Kaufmann series in networking, |
| 650 #0 - SUBJECT ADDED ENTRY--TOPICAL TERM | |
| Topical term or geographic name entry element | Computer networks |
| 650 #0 - SUBJECT ADDED ENTRY--TOPICAL TERM | |
| Topical term or geographic name entry element | Internetworking (Telecommunication) |
| 700 1# - ADDED ENTRY--PERSONAL NAME | |
| Personal name | Davie, Bruce S. |
| 942 ## - ADDED ENTRY ELEMENTS (KOHA) | |
| Koha item type | Book |
| Call number prefix | 004.65 PET |
| Source of classification or shelving scheme | |
| Withdrawn status | Lost status | Damaged status | Not for loan | Collection code | Permanent Location | Current Location | Shelving location | Date acquired | Source of acquisition | Cost, normal purchase price | Total Checkouts | Full call number | Barcode | Date last seen | Price effective from | Koha item type | Total Renewals | Date last checked out |
|---|---|---|---|---|---|---|---|---|---|---|---|---|---|---|---|---|---|---|
| Central Library (CL) | Central Library (CL) | First Floor - Data Communication/Network/Architecture | 09/01/2004 | Allied Book Company | 561.69 | 004.65 PET | SEECS004734 | 11/14/2012 | 01/05/2017 | Book | ||||||||
| Central Library (CL) | Central Library (CL) | First Floor - Data Communication/Network/Architecture | 03/18/2004 | Allied Book Company | 535.18 | 4 | 004.65 PET | SEECS004254 | 08/08/2016 | 01/05/2017 | Book | 1 | 08/08/2016 | |||||
| Central Library (CL) | Central Library (CL) | First Floor - Data Communication/Network/Architecture | 09/01/2004 | Allied Book Company | 561.69 | 3 | 004.65 PET | SEECS004733 | 08/06/2020 | 01/05/2017 | Book | 1 | 11/27/2018 | |||||
| Central Library (CL) | Central Library (CL) | First Floor - Data Communication/Network/Architecture | 09/01/2004 | Allied Book Company | 561.69 | 004.65 PET | SEECS004732 | 11/14/2012 | 01/05/2017 | Book |
